| 000 | 00439nam a2200193Ia 4500 | ||
|---|---|---|---|
| 008 | 170918s9999 xx 000 0 und d | ||
| 020 | _a9780439789233 | ||
| 050 | _bM992 2005 | ||
| 100 | _aMuth, Jon J. | ||
| 245 | _aZen shorts / | ||
| 245 | _cby Jon J. Muth. | ||
| 260 | _aNew York : | ||
| 260 | _bScholastic, | ||
| 260 | _c2005 | ||
| 300 | _aunpaged : | ||
| 300 | _bcolored illustration ; | ||
| 300 | _c23cm. | ||
| 500 | _a540 | ||
| 999 |
_c343055 _d343055 |
||